Catalog

Record Details

Catalog Search



Available copies

  • 5 of 7 copies available at LARL/NWRL Consortium.
  • 3 of 4 copies available at Lake Agassiz Regional Library. (Show preferred library)

Current holds

1 current hold with 7 total copies.

Show Only Available Copies
Location Call Number / Copy Notes Barcode Shelving Location Status Due Date
Breckenridge Public Library M EVA (Text) 33500013493531 Main Available -
Crookston Public Library M EVA (Text) 33500013493572 Main Available -
Hawley Public Library M EVA (Text) 33500013493556 Main Available -
Moorhead Public Library M EVA (Text) 33500013493564 Main Checked out 06/23/2026
Greenbush Public Library EVA (Text) 35500006523086 Main Available -
Hallock Public Library EVA (Text) 35500006523003 Main Available -
Thief River Falls Public Library EVA (Text) 35500006522997 Main In transit -

Record details

  • ISBN: 9781982154875
  • ISBN: 198215487X
  • Physical Description: 286 pages ; 24 cm
  • Edition: First Atria books hardcover edition.
  • Publisher: New York : Atria Books, 2021.

Content descriptions

Summary, etc.:
"When Stephanie Plum is woken up in the middle of ... Read More
Subject: Plum, Stephanie (Fictitious character) > Fiction.
Women bounty hunters > Fiction.
Bounty hunters > Fiction.
Bail bond agents > New Jersey > Trenton > Fiction.
Hackers > Fiction.
Trenton (N.J.) > Fiction.
Genre: Mystery fiction.
Humorous fiction.
Detective and mystery fiction.
Humorous fiction.
Novels.
LDR 02257cam a2200457 i 4500
001370582
003LARL_NWRL_CONSORTIUM
00520211112214814.0
008211025s2021 nyu e 000 1 eng d
040 . ‡aNjBwBT ‡beng ‡erda ‡cKNJ ‡dJAS ‡dOCLCQ ‡dYU6
020 . ‡a9781982154875 ‡q(hc)
020 . ‡a198215487X ‡q(hc.)
035 . ‡a(OCoLC)1280350617
043 . ‡an-us-nj
08204. ‡a813/.54 ‡223
1001 . ‡aEvanovich, Janet, ‡eauthor. ‡0(LARL_NWRL_CONSORTIUM)113290
24510. ‡aGame on : ‡btempting twenty-eight / ‡cJanet Evanovich.
24630. ‡aTempting twenty-eight
2463 . ‡aTempting 28
250 . ‡aFirst Atria books hardcover edition.
264 1. ‡aNew York : ‡bAtria Books, ‡c2021.
300 . ‡a286 pages ; ‡c24 cm
336 . ‡atext ‡btxt ‡2rdacontent
337 . ‡aunmediated ‡bn ‡2rdamedia
338 . ‡avolume ‡bnc ‡2rdacarrier
4900 . ‡aStephanie Plum ; ‡v28
520 . ‡a"When Stephanie Plum is woken up in the middle of the night by the sound of footsteps in her apartment, she wishes she didn't keep her gun in the cookie jar in her kitchen. And when she finds out the intruder is fellow apprehension agent Diesel, six feet of hard muscle and bad attitude who she hasn't seen in more than two years, she still thinks the gun might come in handy. Turns out Diesel and Stephanie are on the trail of the same fugitive: Oswald Wednesday, an international computer hacker as brilliant as he is ruthless. Unsure if Diesel is her partner or her competition in this case, she'll need to watch her back every step of the way as she sets the stage to draw Wednesday out from behind his computer and into the real world"-- ‡cProvided by publisher
60010. ‡aPlum, Stephanie ‡c(Fictitious character) ‡vFiction.
650 0. ‡aWomen bounty hunters ‡vFiction.
650 0. ‡aBounty hunters ‡vFiction. ‡0(LARL_NWRL_CONSORTIUM)163748
650 0. ‡aBail bond agents ‡zNew Jersey ‡zTrenton ‡vFiction.
650 0. ‡aHackers ‡vFiction.
651 0. ‡aTrenton (N.J.) ‡vFiction.
655 0. ‡aMystery fiction.
655 0. ‡aHumorous fiction.
655 7. ‡aDetective and mystery fiction. ‡2lcgft
655 7. ‡aHumorous fiction. ‡2lcgft
655 7. ‡aNovels. ‡2lcgft
901 . ‡a370582 ‡bOCoLC ‡c370582 ‡tbiblio ‡soclc

Additional Resources